01575nam a2200349 a 4500001001000000003000500010005001700015008004100032010001100073011001100084040000900095090001000104100004400114245021400158260004100372500006000413502007100473590004000544590004000584650004300624650004600667650003500713650003900748700005000787856007000837901000700907942001000914942000600924999001900930952013600949952014001085000113450CHAP20220329144355.0170627s2016 mx a fsm |||||||spa d a109911 a110883 cCHAP aTesis1 aRamírez Martínez, Francisco913274110aTransferencia de tecnología, mediante obras de conservación de agua y suelo en el ejido Benito Juárez, Tlaxcala /h[En línea]cpor Francisco Ramírez Martínez y José Francisco Sánchez Sánchez. aChapingo, Méx. :bEl autor,c2016. aPara ver el contenido del material haga clic en la liga aTesis (Ing. en Irrigación) -- UACH. Departamento de Irrigación aE8697GMMb05c20170627lUCH01h1128 aE8697GMMb05c20170627lUCH01h121314aInundacionesxEfecto en suelos.96016414aSuelosxConservaciónxTlaxcala.911031714aSuelosxDegradación.911033614aSuelosxRecuperación de.91104731 aSánchez Sánchez, José Francisco9132742 aFinding aiduhttp://10.13.5.2/tesis/sist113450.pdfzTeclea aquí aBK cTESIS n0 c109911d109911 00104054718TESISaBCbBCd2017-06-27fTESISl0oTesisp33724002536082r2019-12-31 00:00:00w2019-12-31yTESISzRecien adquirido 00102local4053708TESISaBCbBCcPA_TESISd2017-06-27fTESISl0oTesisp33724002536124r2019-12-31 00:00:00tc.2w2019-12-31yTESIS